| 000 | 00000nam##2200000za#4500 |
| 001 | 9.694083 |
| 003 | CaOODSP |
| 005 | 20240209132434 |
| 007 | cr ||||||||||| |
| 008 | 150407|2002||||xxc|||||o f|0| 0 eng|d |
| 040 | |aCaOODSP|beng |
| 043 | |an-cn--- |
| 086 | 1 |aIu89-4/39-2002E-PDF |
| 110 | 2 |aAtlantic Canada Opportunities Agency. |
| 245 | 10|aForeign direct investment in Atlantic Canada / |h[electronic resource]|ca report by the Atlantic Provinces Economic Council (APEC). |
| 260 | |aHalifax - Nova Scotia : |bAtlantic Canada Opportunities Agency |cMay 2002. |
| 300 | |a58p.|bgraphs, references, tables |
| 500 | |a"A report by the Atlantic Provinces Economic Council (APEC)". "This research was funded by the Atlantic Canada Opportunities Agency". |
| 520 | 3 |aAnalyses the extent of Foreign direct investment (FDI) in Atlantic Canada, examines the determinants and impact of FDI at the sub-national level, and draws out the policy implications for the region. |
| 590 | |a10-15-Supp|b2010-12-10 |
| 690 | 07|aAtlantic provinces|2gcpds |
| 690 | 07|aForeign investments|2gcpds |
| 775 | 08|tL'investissement étranger direct au Canada atlantique / |w(CaOODSP)9.638264 |
| 776 | 0#|tForeign direct investment in Atlantic Canada / |w(CaOODSP)9.651827 |
| 856 | 40|ahttp://publications.gc.ca|qPDF|s385 KB|uhttps://publications.gc.ca/collections/collection_2010/apeca-acoa/Iu89-4-39-2002-eng.pdf |